000 00458cam a22001457a 4500
008 180718b1961 xxu||||| |||| 00| 0 eng d
082 _aN4x5421 Ut8
100 _aUttar Pradesh. Police Commission
245 _aReport of the Uttar Pradesh Police Commission, 1960-61
260 _aLucknow
_bThe author
_c1961
300 _a240+p.
500 _aChairman: Ajit Prasad Jain
650 _aPolice Commission-Uttar Pradesh
700 _aJain, Ajit Prasad (Chairman)
999 _c489499
_d489499